000 00710nam a2200289Ia 4500
005 20260324141415.0
008 008 260324s9999 xx 000 0 eng d
020 _a9781315251011
037 _aEBOOK
040 _aCRL
040 _beng
040 _cCRL
041 _2eng
041 _aeng
084 _qCRL
100 _aMarie-France Auzépy
_91203629
245 0 _aLa Vie d'Etienne le Jeune par Étienne le Diacre
245 0 _bIntroduction, édition et Traduction
260 _bTaylor and Francis
260 _c1997
365 _a
365 _b265
856 _uhttp://www.taylorfrancis.com/books/9781315251011
942 _cEBOOK
999 _c1811140
_d1811140